00294nam a2200121Ia 4500008004100000041000900041082001800050100002200068245002900090260003600119300000900155650000800164230718s9999 xx 000 0 und d aEng. a342.02bKAG-T aKagzi Prof. Dr Mc 4aThe constitutin of india aPakistanbIndia Law Housec2004 a1914 aLaw